000 01031nam a22003377a 4500
001 0020744
003 KOHA_MİRAKIL
005 20260207002302.0
007 ta
008 100811b2010 tu |||gr||||#0|||0|tur |
020 _a9786054322053
040 _aTR-BiSEU
_btur
_cTR-BiSEU
_erda
041 0 _atur
044 _ctu
050 _aDR605
_b.P35 2010
100 1 _aPala, İskender.
245 1 _aİki darbe arasında/
_cİskender Pala ; İskender Pala.
264 1 _aİstanbul :
_bKapı Yayınları
_c2010
300 _a265 s. ;
_c20 cm.
336 _ametin
_btxt
_2rdacontent
337 _aaracısız
_bn
_2rdamedia
338 _acilt
_bnc
_2rdacarrier
490 1 _aKapı Yayınları ;
_v196.
490 1 _aİskender Pala Bütün eserleri ;
_v42.
650 0 _aPala, İskender, 1958--Diaries.
_944842
650 0 _aTurkey--Politics and government--1980-.
_94976
830 1 _aKapı Yayınları ;
_v196.
_914431
830 1 _aİskender Pala Bütün eserleri ;
_v42.
_944843
907 _aTarih
942 _2lcc
_cBK
999 _c20700
_d20700